000 00420nam a2200169Ia 4500
001 4251
003 IN-NITTTR
005 20251114232958.0
008 251113s9999||||xx |||||||||||||| ||eng||
040 _beng
040 _cIN-NITTTR
041 _aeng
082 _a742 H734A
100 _aHolmes, John M.
245 0 _aApplied perspective for architects, painters and art students /
_cHolmes, John M.
942 _2ddc
_cBK
999 _c6887
_d6887